01378 2200217 4500001002100000005001500021035002000036245005300056100001900109300002900128260004200157082000800199084001400207020002200221650001100243520081600254008004101070250001701111990001601128990001601144INLIS00000000000010620240601090448 a0010-05240000281 aJago Fisika :bRuang dan Waktu /cKyung, Kim Soo0 aKyung, Kim Soo a175 hlm :bilus ;c24 cm aJakarta :bBhuana Ilmu Populer,c2009 a530 a530 KYU j a978-623-216-979-1 4aFisika aPROFESOR DON QUIXOTE PERGI ke masa DEPAN DEMI MENGUNGKapkan Rahasia Ruang Dan waktu! "Perjalanan waktu sangatlah keren dan luar biasal Mau pergi ke masa lalu atau ke masa depan? Mau pakai metode apa? Pesawat tachyon, balon udara waktu, benang kosmik, silinder Tipler, atau lubang cacing... semuanya bisa digunakan untuk melaku- kan perjalanan waktul" Coba bayangkan tentang perjalanan waktu yang misterius! Kali ini rombongan Profesor Don Quixote berangkat ke masa depan. Apakah akhirnya mesin waktu bisa diciptakan? Hmm, bagaimanakah reaksi Profesor Don Quixote tentang perjalanan waktu? Karena harga dirinya terluka dan juga rasa ingin tahunya yang besar. Profesor Don Quixote rela mengorbankan rumahnya untuk membayar biaya perjalanan waktu. Seperti apakah masa depan yang menanti Profesor Don Quixote?240601 0  acetakan ke-1 a00000000392 a00000000556